Kierkegaard's Writing, III, Part I : Either/Or / Part I / Part I /
Soren Kierkegaard, the nineteenth-century Danish philosopher rediscovered in the twentieth century, is a major influence in contemporary philosophy, religion, and literature. He regarded Either/Or as the beginning of his authorship, although he had published two earlier works on Hans Christian Ander...
| Autor principal: | |
|---|---|
| Otros Autores: | , |
| Formato: | Electrónico eBook |
| Idioma: | Inglés Danés |
| Publicado: |
Princeton, N.J. :
Princeton University Press,
1987.
|
| Colección: | Book collections on Project MUSE.
|
| Temas: | |
| Acceso en línea: | Texto completo |
MARC
| LEADER | 00000cam a22000004a 4500 | ||
|---|---|---|---|
| 001 | musev2_62388 | ||
| 003 | MdBmJHUP | ||
| 005 | 20230905050423.0 | ||
| 006 | m o d | ||
| 007 | cr||||||||nn|n | ||
| 008 | 130415s1987 nju o 00 0 eng d | ||
| 020 | |a 9781400846931 | ||
| 020 | |z 9780691073156 | ||
| 020 | |z 9780691020419 | ||
| 035 | |a (OCoLC)1132223044 | ||
| 040 | |a MdBmJHUP |c MdBmJHUP | ||
| 041 | 1 | |a eng |h dan | |
| 100 | 1 | |a Kierkegaard, Soren, |d 1813-1855, |e author. | |
| 240 | 1 | 0 | |a Enten-eller. |l English |
| 245 | 1 | 0 | |a Kierkegaard's Writing, III, Part I : |b Either/Or / |n Part I / |c by Soren Kierkegaard ; edited and translated with introduction and notes by Howard V. Hong and Edna H. Hong. |n Part I / |
| 264 | 1 | |a Princeton, N.J. : |b Princeton University Press, |c 1987. | |
| 264 | 3 | |a Baltimore, Md. : |b Project MUSE, |c 2020 | |
| 264 | 4 | |c ©1987. | |
| 300 | |a 1 online resource (728 pages). | ||
| 336 | |a text |b txt |2 rdacontent | ||
| 337 | |a computer |b c |2 rdamedia | ||
| 338 | |a online resource |b cr |2 rdacarrier | ||
| 490 | 0 | |a Kierkegaard's writings ; |v 3 | |
| 500 | |a Translation of: Enten-eller. | ||
| 505 | 0 | |a Cover Page; Title Page; Copyright Page; CONTENTS; HISTORICAL INTRODUCTION; Either/Or, Part I; PREFACE; DlAPSALMATA; THE IMMEDIATE EROTIC STAGES1 OR THE MUSICAL-EROTIC; THE TRAGIC IN ANCIENT DRAMA REFLECTED IN THE TRAGIC IN MODERN DRAMA; SILHOUETTES; THE UNHAPPIEST ONE; THE FIRST LOVE; ROTATION OF CROPS; THE SEDUCER'S DIARY; SUPPLEMENT; Key to References; Original Title Page of Either/Or, Part 1; Selected Entries from Kierkegaard's Journals and Papers Pertaining to Either/Or, Part I; EDITORIAL APPENDIX; Acknowledgments | |
| 505 | 0 | |a Collation of Either/Or, Part I, in the Danish Editions of Kierkegaard's Collected WorksNOTES; BIBLIOGRAPHICAL NOTE; INDEX | |
| 520 | |a Soren Kierkegaard, the nineteenth-century Danish philosopher rediscovered in the twentieth century, is a major influence in contemporary philosophy, religion, and literature. He regarded Either/Or as the beginning of his authorship, although he had published two earlier works on Hans Christian Andersen and irony. The pseudonymous volumes of Either/Or are the writings of a young man (I) and of Judge William (II). The ironical young man's papers include a collection of sardonic aphorisms; essays on Mozart, modern drama, and boredom; and ""The Seducer's Diary."" The seeming misce | ||
| 546 | |a English. | ||
| 588 | |a Description based on print version record. | ||
| 650 | 7 | |a Sin. |2 fast |0 (OCoLC)fst01119194 | |
| 650 | 7 | |a Religion |x Philosophy. |2 fast |0 (OCoLC)fst01093794 | |
| 650 | 7 | |a Christianity |x Philosophy. |2 fast |0 (OCoLC)fst00859625 | |
| 650 | 7 | |a PHILOSOPHY |x Religious. |2 bisacsh | |
| 650 | 7 | |a PHILOSOPHY |x History & Surveys |x Modern. |2 bisacsh | |
| 650 | 6 | |a Peche. | |
| 650 | 6 | |a Religion |x Philosophie. | |
| 650 | 6 | |a Christianisme |x Philosophie. | |
| 650 | 0 | |a Sin. | |
| 650 | 0 | |a Religion |x Philosophy. | |
| 650 | 0 | |a Christianity |x Philosophy. | |
| 655 | 7 | |a Electronic books. |2 local | |
| 700 | 1 | |a Hong, Edna H. |q (Edna Hatlestad), |d 1913-2007, |e editor, |e translator. | |
| 700 | 1 | |a Hong, Howard V. |q (Howard Vincent), |d 1912-2010, |e editor, |e translator. | |
| 710 | 2 | |a Project Muse. |e distributor | |
| 830 | 0 | |a Book collections on Project MUSE. | |
| 856 | 4 | 0 | |z Texto completo |u https://projectmuse.uam.elogim.com/book/62388/ |
| 945 | |a Project MUSE - Custom Collection | ||
| 945 | |a Project MUSE - Archive Complete Supplement VIII | ||
| 945 | |a Project MUSE - Archive Philosophy and Religion Supplement VIII | ||


